000 02678cam a2200397 i 4500
001 22874818
003 OSt
005 20231009160545.0
008 221122s2023 nyu 000 1 eng
010 _a 2022044629
020 _a9781035003976
020 _a9781635423525
_q(hardcover)
020 _z9781635423532
_q(ebook)
040 _aDLC
_beng
_erda
_cDLC
_dDLC
042 _apcc
043 _aai-----
050 0 0 _aPQ2682.U45
_bS6713 2023
082 0 0 _a843.914
_bVUI/H
100 1 _aVuillard, Éric,
_eauthor.
240 1 0 _aSortie honorable.
_lEnglish
245 1 3 _aAn honorable exit /
_cÉric Vuillard ; translated from the French by Mark Polizzotti.
264 1 _aNew York :
_bOther Press,
_c[2023]
300 _a150 pages ;
_c20 cm
336 _atext
_btxt
_2rdacontent
337 _aunmediated
_bn
_2rdamedia
338 _avolume
_bnc
_2rdacarrier
520 _a"From the award-winning author of The Order of the Day, a piercing account of the lesser-known conflict preceding the Vietnam War that dealt a fatal blow to French colonialism. How can a modern army lose to an army of peasants? Delving into the last gasps of the First Indochina War (1946-1954), which saw the communist Viet Minh take control of North Vietnam, Éric Vuillard vividly illustrates the attitudes that both enabled French colonialist abuses and ultimately led to their defeat and withdrawal. From the Michelin rubber plantation, where horrific working conditions sparked an epidemic of suicides, to the battlefield, a sense of superiority over the "yellow men" pervaded European and American forces. And, as with so many conflicts throughout history, there were key actors with a motivation deeper than nationalism or political ideology-greed. An Honorable Exit not only brings to life scenes from the war, but also looks beyond the visceral reality on the ground to the colder calculations of those who seek to benefit from conflict, whether shrewd bankers, who can turn a military win or loss into financial gain, or intelligence operatives like the CIA, who aim to influence governments across the globe"--
_cProvided by publisher.
650 0 _aIndochinese War, 1946-1954
_vFiction.
651 0 _aIndochina
_xHistory
_y1945-
_vFiction.
655 7 _aHistorical fiction.
_2lcgft
700 1 _aPolizzotti, Mark,
_etranslator.
776 0 8 _iOnline version:
_aVuillard, Éric.
_tHonorable exit
_dNew York : Other Press, [2023]
_z9781635423532
_w(DLC) 2022044630
906 _a7
_bcbc
_corignew
_d1
_eecip
_f20
_gy-gencatlg
942 _2ddc
_cBK
_h843.914
_iVUI/H
_k843.914
_mVUI/H
999 _c42617
_d42617